|
|
|
|
| LEADER |
00000nab a2200000 a 4500 |
| 001 |
vtls008414467 |
| 003 |
SK-MaSNL |
| 005 |
20260304030526.0 |
| 008 |
040806c2004 xo 0 cze |
| 015 |
|
|
|a SNBCL2005/5
|
| 035 |
|
|
|a SLK031787
|
| 040 |
|
|
|a SLKCL
|b slo
|c SNKBUCL
|e AACR2
|
| 041 |
1 |
|
|a cze
|
| 044 |
|
|
|a xo
|c SK
|
| 080 |
|
|
|a 616.62-006-089-072.1:061.3
|2 1981
|
| 100 |
1 |
|
|a Kočárek, Jiří
|4 aut
|9 107970
|
| 245 |
1 |
0 |
|a Fluorescenční cystoskopii kontrolovaná TUR povrchových nádorů močového měchýře
|c Jiří Kočárek, Otto Köhler, Jan Pokorný
|
| 650 |
0 |
7 |
|a nádory močového mechúra
|2 MESH
|9 20101
|
| 650 |
0 |
7 |
|a cystoskopia
|2 MESH
|9 908020
|
| 650 |
0 |
7 |
|a výkony chirurgické urologické
|2 MESH
|9 1055427
|
| 650 |
0 |
7 |
|a recidíva nádoru, lokálna
|2 MESH
|9 873948
|
| 650 |
0 |
7 |
|a abstrakty z kongresu
|2 MESH
|9 168204
|
| 700 |
1 |
|
|a Köhler, Otto
|4 aut
|u Urologické oddělení, Ústřední vojenská nemocnice, Praha
|9 1136172
|
| 700 |
1 |
|
|a Pokorný, Jan
|4 aut
|u Urologické oddělení, Ústřední vojenská nemocnice, Praha
|9 280943
|
| 710 |
2 |
|
|a Slovenská urologická spoločnosť SLS.
|b Kongres
|n (15. :
|d 2004 :
|c Bratislava, Slovensko)
|4 aut
|9 132124
|
| 773 |
0 |
|
|w SERIAL_GENERAL*000250*2004*004*002
|x 1335-3071
|t Urológia
|g Roč. 10, č. 2 (2004), s. 22
|
| 850 |
|
|
|a Slovenská lekárska knižnica v Bratislave
|a BA006
|
| 852 |
|
|
|a BA006
|b KIS3GCP
|b 000500000
|
| 999 |
|
|
|c 2634467
|d 2636397
|